000 01042nab a22002537a 4500
999 _c5912
_d5912
003 OSt
005 20260110021513.0
008 190605e xxu||||| |||| 00| 0 spa d
040 _cPJ
100 _94584
_aMansilla, Alberto
245 1 0 _aDiscapacidad y derecho del trabajo /
_cAlberto Mansilla, María Eugenia González Soler.
260 _aCiudad Autónoma de Buenos Aires :
_bThomson Reuters La Ley,
_c2023.
300 _ap. 72-75
500 _aCita: TR LALEY AR/DOC/2536/2023.
505 _t¿Te interesa el texto completo? Solicitalo al correo: koha@justierradelfuego.gov.ar
650 0 _91316
_aDERECHO LABORAL
650 0 _91803
_aRELACIONES LABORALES
650 0 _93271
_aPERSONAS CON DISCAPACIDAD
650 0 _94695
_aSITUACIÓN DE VULNERABILIDAD
650 0 _91323
_aCONTRATO DE TRABAJO
700 _96776
_aGonzález Soler, María Eugenia
_ecoautor
773 0 _02711
_93168
_dCiudad Autónoma de Buenos Aires : Thomson Reuters La Ley, 1999-2002.
_tRevista de derecho del trabajo. Nº 6 - Noviembre 2023
942 _2udc
_cANA